[Event "Stockerau-Open 2006 A-Turnier"]
[Site "Stockerau"]
[Date "2006.05.25"]
[Round "1"]
[White "Seidler, Dieter"]
[Black "Hangweyrer, Manfred"]
[Result "0-1"]
[WhiteElo "1990"]
[BlackElo "2356"]
[PlyCount "100"]
[EventDate "2006.05.25"]

1. d4 Nf6 2. c4 g6 3. Nc3 Bg7 4. e4 d6 5. f3 O-O 6. Be3 Nbd7 7. Qd2 c5 8. d5 a6
9. Bh6 Qa5 10. Bxg7 Kxg7 11. Nh3 Rb8 12. a4 Qb4 13. Nb1 Re8 14. Be2 Ne5 15.
Qxb4 cxb4 16. Nf2 e6 17. a5 Nh5 18. Nd2 exd5 19. cxd5 Nf4 20. Bf1 Nxd5 21. Nd3
Nxd3+ 22. Bxd3 Nf4 23. Bf1 d5 24. Kf2 dxe4 25. Nxe4 f5 26. Nc5 Ne6 27. Rc1 Rd8
28. Nb3 Bd7 29. Bc4 Kf6 30. Rhd1 Rbc8 31. Bd5 Rxc1 32. Rxc1 Nf4 33. Bc4 Bc6 34.
Bxa6 Nd3+ 35. Bxd3 Rxd3 36. Nc5 Rd2+ 37. Kg3 g5 38. a6 bxa6 39. Nxa6 f4+ 40.
Kh3 Bd7+ 41. g4 Rf2 42. Nxb4 Rxf3+ 43. Kg2 Rb3 44. Nd5+ Ke5 45. Nc3 Rxb2+ 46.
Kg1 Bxg4 47. Re1+ Kf5 48. Ne4 Bf3 49. Nf2 g4 50. Ra1 g3 0-1

[Event "Stockerau-Open 2006 A-Turnier"]
[Site "Stockerau"]
[Date "2006.05.25"]
[Round "1"]
[White "Groetz, Harald"]
[Black "Stanivukovic, Drago"]
[Result "1-0"]
[WhiteElo "2322"]
[BlackElo "1960"]
[PlyCount "93"]
[EventDate "2006.05.25"]

1. e4 c5 2. Nf3 d6 3. d4 cxd4 4. Nxd4 a6 5. Nc3 g6 6. Bc4 Bg7 7. O-O Nf6 8. Re1
Qc7 9. Bb3 O-O 10. Bg5 Nbd7 11. Qd2 b5 12. Nd5 Nxd5 13. Bxd5 Bxd4 14. Qxd4 e5
15. Qd2 Rb8 16. Be7 Rb6 17. Bxf8 Nxf8 18. c3 Be6 19. a4 Bxd5 20. exd5 Qc4 21.
b4 Nd7 22. Red1 e4 23. axb5 axb5 24. Ra8+ Kg7 25. Qd4+ Qxd4 26. Rxd4 Nf6 27. h3
g5 28. g4 Kg6 29. Ra7 Kg7 30. Kh2 Kf8 31. Kg3 Rb8 32. Ra6 Ke7 33. f3 exf3 34.
Kxf3 Rc8 35. Rd3 Nd7 36. Ke2 h5 37. gxh5 Rh8 38. Re3+ Ne5 39. h6 Rh7 40. Rb6
Kd7 41. Rb7+ Kc8 42. Rxb5 Rxh6 43. c4 f5 44. Ra3 Rh4 45. Ra8+ Kc7 46. Rab8 Re4+
47. Kf1 1-0

[Event "Stockerau-Open 2006 A-Turnier"]
[Site "Stockerau"]
[Date "2006.05.25"]
[Round "1"]
[White "Kirchmayr, Wilhelm"]
[Black "Weinzettl, Ernst"]
[Result "1/2-1/2"]
[WhiteElo "1957"]
[BlackElo "2319"]
[PlyCount "51"]
[EventDate "2006.05.25"]

1. Nf3 Nf6 2. g3 b6 3. Bg2 Bb7 4. O-O c5 5. d3 d5 6. Nbd2 e6 7. e4 Be7 8. Re1
Nc6 9. Qe2 Qc7 10. Nf1 h6 11. Bf4 Qd7 12. Ne5 Nxe5 13. Bxe5 b5 14. exd5 Bxd5
15. Bxd5 Qxd5 16. a4 b4 17. Rad1 O-O 18. b3 Nh7 19. f4 Rfd8 20. Ne3 Qc6 21. Qg2
Qxg2+ 22. Kxg2 Nf8 23. Rd2 Nd7 24. Nc4 Rac8 25. Rde2 Bf6 26. Rf2 1/2-1/2

[Event "Stockerau-Open 2006 A-Turnier"]
[Site "Stockerau"]
[Date "2006.05.25"]
[Round "1"]
[White "Rauch, Christian"]
[Black "Sadilek, Maximilian"]
[Result "0-1"]
[WhiteElo "1864"]
[BlackElo "2130"]
[PlyCount "62"]
[EventDate "2006.05.25"]

1. d4 Nf6 2. Nf3 c5 3. e3 g6 4. c4 Bg7 5. Nc3 cxd4 6. exd4 O-O 7. Bg5 d6 8. Be2
Nbd7 9. Qd2 b6 10. Bh6 Bb7 11. Bxg7 Kxg7 12. O-O Rc8 13. b3 d5 14. cxd5 Nxd5
15. Nxd5 Bxd5 16. Rac1 Nf6 17. Ne5 Qd6 18. Ba6 Ne4 19. Qb2 Rxc1 20. Rxc1 f6 21.
Nf3 Qf4 22. Re1 e6 23. Qc1 Qb8 24. Qc2 Nd6 25. Qd3 b5 26. a4 bxa4 27. bxa4 Qb4
28. Qd1 Rb8 29. Bd3 a5 30. Qc2 Bxf3 31. gxf3 Qxe1+ 0-1

[Event "Stockerau-Open 2006 A-Turnier"]
[Site "Stockerau"]
[Date "2006.05.25"]
[Round "1"]
[White "Leupold, Christian"]
[Black "Schmid, Thomas"]
[Result "0-1"]
[WhiteElo "1838"]
[BlackElo "2121"]
[PlyCount "68"]
[EventDate "2006.05.25"]

1. Nf3 Nf6 2. c4 g6 3. b4 Bg7 4. Bb2 O-O 5. g3 d6 6. Bg2 e5 7. d3 Ne8 8. Qc2 a5
9. a3 axb4 10. axb4 Rxa1 11. Bxa1 c6 12. O-O e4 13. Nd4 Qb6 14. Nb3 exd3 15.
exd3 Bxa1 16. Nxa1 Qxb4 17. Nd2 Qb6 18. Qc3 Qd8 19. Nc2 Ng7 20. Ne3 f5 21. f4
Qf6 22. Qa3 Qd4 23. Re1 Re8 24. Nf3 Qc5 25. Qxc5 dxc5 26. Ne5 Nd7 27. Nxd7 Bxd7
28. Kf2 Ra8 29. Rb1 Ra2+ 30. Kf3 Ne6 31. g4 Nd4+ 32. Kg3 Ne2+ 33. Kf3 fxg4+ 34.
Nxg4 Nd4+ 0-1

[Event "Stockerau-Open 2006 A-Turnier"]
[Site "Stockerau"]
[Date "2006.05.25"]
[Round "1"]
[White "Schirmbeck, Hannes"]
[Black "Schindler, Gerhard"]
[Result "1-0"]
[WhiteElo "2106"]
[BlackElo "1827"]
[PlyCount "49"]
[EventDate "2006.05.25"]

1. e4 c6 2. d4 d5 3. e5 c5 4. dxc5 Nc6 5. Bb5 Bf5 6. Nf3 e6 7. Nd4 Nge7 8. Bg5
Qc7 9. O-O Bg6 10. f4 h6 11. Bh4 Nf5 12. Nxf5 Bxf5 13. b4 h5 14. Nd2 Be7 15.
Bxe7 Kxe7 16. Bxc6 Qxc6 17. Nb3 Qc7 18. Nd4 Bg4 19. Qd3 a6 20. h3 b6 21. cxb6
Qxb6 22. hxg4 hxg4 23. Qe3 Qc7 24. f5 Rh5 25. fxe6 1-0

[Event "Stockerau-Open 2006 A-Turnier"]
[Site "Stockerau"]
[Date "2006.05.25"]
[Round "1"]
[White "Wetzenkircher, Markus"]
[Black "Wiedermann, Daniel"]
[Result "0-1"]
[WhiteElo "1817"]
[BlackElo "2054"]
[PlyCount "67"]
[EventDate "2006.05.25"]

1. Nf3 f5 2. b3 Nf6 3. Bb2 d6 4. d4 g6 5. Nbd2 Bg7 6. Rb1 O-O 7. e3 Nc6 8. Be2
Qe8 9. Bb5 Bd7 10. O-O a6 11. Bc4+ Kh8 12. d5 Nb4 13. Ne1 Nbxd5 14. Bxd5 Nxd5
15. c4 Nc3 16. Bxc3 Bxc3 17. Nef3 Bg7 18. Qe2 e5 19. Rfd1 e4 20. Ng5 h6 21. Nh3
g5 22. Rbc1 f4 23. c5 f3 24. Qc4 Qh5 25. Nxe4 fxg2 26. Nhxg5 hxg5 27. cxd6 Be5
28. Ng3 Qf3 29. Rd2 cxd6 30. Qd3 Rac8 31. Rc4 Bb5 32. Qg6 Bxc4 33. Qh6+ Kg8 34.
Rxd6 0-1

[Event "Stockerau-Open 2006 A-Turnier"]
[Site "Stockerau"]
[Date "2006.05.25"]
[Round "1"]
[White "Hofbauer, Peter"]
[Black "Lahofer, Christian"]
[Result "1/2-1/2"]
[WhiteElo "2042"]
[BlackElo "1799"]
[PlyCount "127"]
[EventDate "2006.05.25"]

1. e4 c5 2. c3 Nc6 3. d4 cxd4 4. cxd4 d6 5. Nf3 Nf6 6. Nc3 e6 7. Be2 Be7 8. O-O
O-O 9. Be3 b6 10. a3 Bb7 11. d5 exd5 12. exd5 Ne5 13. Qb3 Nfd7 14. Nd4 Nc5 15.
Qd1 a6 16. b4 Ncd7 17. Nf5 Rc8 18. Ne4 Nf6 19. Bxb6 Qd7 20. Nxe7+ Qxe7 21.
Nxf6+ Qxf6 22. Qb3 Nd7 23. Be3 Rc3 24. Qa4 Qf5 25. b5 axb5 26. Qxb5 Bxd5 27.
Rfd1 Nc5 28. Qb4 Rxe3 29. fxe3 Qg5 30. Rxd5 Qxd5 31. Rd1 Qe5 32. Qd4 Qxd4 33.
exd4 Na4 34. Rc1 Rb8 35. Bf3 Kf8 36. Bc6 Rc8 37. d5 Nb6 38. Rb1 Nc4 39. a4 Na5
40. Rb6 Nxc6 41. dxc6 Ke8 42. Ra6 Kd8 43. Kf2 Kc7 44. h4 Rb8 45. Ra7+ Kxc6 46.
Rxf7 Rb2+ 47. Kg3 Rb3+ 48. Kg4 Rb4+ 49. Kh3 Rxa4 50. Rxg7 d5 51. Rxh7 d4 52.
Rf7 d3 53. Rf1 d2 54. Rd1 Rd4 55. h5 Rd6 56. g4 Kd7 57. g5 Ke7 58. Kg4 Kf7 59.
Kf5 Rd5+ 60. Kf4 Kg7 61. Kg4 Rd4+ 62. Kf3 Rd5 63. Kf4 Kh7 64. Kg4 1/2-1/2

[Event "Stockerau-Open 2006 A-Turnier"]
[Site "Stockerau"]
[Date "2006.05.25"]
[Round "1"]
[White "Reichhardt, Jakob"]
[Black "Giessmann, Andreas"]
[Result "0-1"]
[WhiteElo "1670"]
[BlackElo "2028"]
[PlyCount "100"]
[EventDate "2006.05.25"]

1. e4 e5 2. Nf3 d6 3. c3 Nf6 4. Qc2 Be7 5. Be2 O-O 6. d4 Nbd7 7. O-O c6 8. Nbd2
Qc7 9. dxe5 dxe5 10. b3 Re8 11. Bb2 Nf8 12. Nc4 Ng6 13. Ne3 Nf4 14. Rfe1 Nxe2+
15. Rxe2 g6 16. Rd1 Ng4 17. c4 Nxe3 18. Rxe3 f6 19. Red3 Be6 20. h3 Rad8 21.
Bc3 a5 22. a4 b6 23. R1d2 Rxd3 24. Rxd3 Rd8 25. Qd2 Rxd3 26. Qxd3 Qd6 27. Ne1
Qxd3 28. Nxd3 Kf7 29. Kf1 Ke8 30. f4 exf4 31. Nxf4 Bf7 32. Ke2 Kd7 33. Kd3 Bd8
34. g4 Kd6 35. Kd4 Bc7 36. Nd3 Ke6 37. Ke3 Bd6 38. Bd4 Bc7 39. Nf4+ Ke7 40. Nd3
Be6 41. Nf4 Bd7 42. Nd3 h5 43. gxh5 gxh5 44. h4 c5 45. Bc3 Bg4 46. Nf4 Bxf4+
47. Kxf4 Ke6 48. e5 fxe5+ 49. Bxe5 Kd7 50. Ke4 Bd1 0-1

[Event "Stockerau-Open 2006 A-Turnier"]
[Site "Stockerau"]
[Date "2006.05.25"]
[Round "2"]
[White "Schmid, Thomas"]
[Black "Groetz, Harald"]
[Result "0-1"]
[WhiteElo "2121"]
[BlackElo "2322"]
[PlyCount "116"]
[EventDate "2006.05.25"]

1. e4 c5 2. Nf3 g6 3. c3 Bg7 4. d4 cxd4 5. cxd4 Nf6 6. Nc3 d6 7. Bb5+ Bd7 8.
Bxd7+ Qxd7 9. O-O O-O 10. h3 Nc6 11. Be3 Rfc8 12. Qd3 d5 13. e5 Ne8 14. Rac1
Nc7 15. Nh2 Na5 16. b3 b5 17. Bd2 Nc6 18. f4 a5 19. a4 Nb4 20. Qe2 Rcb8 21. Nf3
bxa4 22. Nxa4 Ne6 23. Nc5 Nxc5 24. Rxc5 e6 25. Ra1 Qd8 26. Bxb4 Rxb4 27. Qa2
Bh6 28. g3 Bf8 29. Rxa5 Rxa5 30. Qxa5 Qxa5 31. Rxa5 Rxb3 32. Kf2 Rb2+ 33. Ke3
Bb4 34. Ra1 Kg7 35. Rd1 h5 36. g4 Rg2 37. Rg1 Bd2+ 38. Kd3 Rxg1 39. Nxg1 Bxf4
40. Nf3 g5 41. Ne1 h4 42. Nc2 f6 43. exf6+ Kxf6 44. Nb4 Ke7 45. Nc6+ Kd7 46.
Nb4 Kd6 47. Na2 e5 48. dxe5+ Kxe5 49. Nc3 d4 50. Nd1 Bc1 51. Ke2 Kf4 52. Kf2
Be3+ 53. Kg2 Ke4 54. Nb2 d3 55. Kf1 Bd4 56. Nc4 Kf3 57. Nd2+ Kf4 58. Nb3 Be3
0-1

[Event "Stockerau-Open 2006 A-Turnier"]
[Site "Stockerau"]
[Date "2006.05.25"]
[Round "2"]
[White "Wiedermann, Daniel"]
[Black "Zetthofer, Gerald"]
[Result "0-1"]
[WhiteElo "2054"]
[BlackElo "2255"]
[PlyCount "100"]
[EventDate "2006.05.25"]

1. d4 d5 2. c4 c6 3. Nf3 Nf6 4. Nc3 Bf5 5. Qb3 Qb6 6. Qxb6 axb6 7. cxd5 Nxd5 8.
Nxd5 cxd5 9. e3 Nc6 10. Bd2 e6 11. Bb5 f6 12. O-O h6 13. Rfc1 Kd7 14. Bc3 Bd6
15. Re1 Ke7 16. a3 Rac8 17. Rac1 Kf7 18. Nd2 Bh7 19. g3 Rhd8 20. Bf1 Bf8 21.
Bh3 g5 22. f4 Bd3 23. Bf1 Bf5 24. h4 gxh4 25. gxh4 Bd6 26. Be2 Rg8+ 27. Kf2 Bg4
28. Bxg4 Rxg4 29. Nf3 Rcg8 30. Rg1 h5 31. Nh2 Rxg1 32. Rxg1 Rxg1 33. Kxg1 Kg6
34. Kf2 Kf5 35. Kf3 e5 36. fxe5 fxe5 37. dxe5 Nxe5+ 38. Ke2 Ng6 39. Nf3 Kg4 40.
Bf6 Bg3 41. Bd8 Nxh4 42. Nxh4 Bxh4 43. Bxb6 Bg3 44. Bd8 h4 45. a4 h3 46. Kf1
Kf3 47. Kg1 Kxe3 48. b4 Kd4 49. b5 Kc5 50. Be7+ Bd6 0-1

[Event "Stockerau-Open 2006 A-Turnier"]
[Site "Stockerau"]
[Date "2006.05.25"]
[Round "2"]
[White "Sadilek, Maximilian"]
[Black "Schirmbeck, Hannes"]
[Result "1/2-1/2"]
[WhiteElo "2130"]
[BlackElo "2106"]
[PlyCount "83"]
[EventDate "2006.05.25"]

1. e4 c5 2. Nf3 e6 3. Nc3 a6 4. d4 cxd4 5. Nxd4 Qc7 6. a3 Nf6 7. Be3 b5 8. Bd3
Bb7 9. O-O Be7 10. f4 d6 11. Qe2 Nbd7 12. Nb3 O-O 13. Rae1 Rac8 14. Kh1 d5 15.
e5 Ne4 16. Bd4 Rfd8 17. Rf3 g6 18. Nd1 Nb6 19. Nf2 Nc4 20. Nxe4 dxe4 21. Bxe4
Bh4 22. Rd1 Bxe4 23. Qxe4 Nxb2 24. Rb1 Na4 25. c3 Qc6 26. Qxc6 Rxc6 27. g4 Be7
28. f5 Bxa3 29. Rbf1 Rd7 30. Nd2 Rdc7 31. Ne4 b4 32. fxg6 hxg6 33. Ng5 bxc3 34.
Nxf7 Rxf7 35. Rxf7 c2 36. Be3 c1=Q 37. Bxc1 Bxc1 38. g5 Rc8 39. R7f6 Kg7 40.
Rf7+ Kg8 41. R7f6 Kg7 42. Rf7+ 1/2-1/2

[Event "Stockerau-Open 2006 A-Turnier"]
[Site "Stockerau"]
[Date "2006.05.25"]
[Round "2"]
[White "Giessmann, Andreas"]
[Black "Hofbauer, Peter"]
[Result "0-1"]
[WhiteElo "2028"]
[BlackElo "2042"]
[PlyCount "160"]
[EventDate "2006.05.25"]

1. c4 Nf6 2. Nc3 c5 3. Nf3 d5 4. cxd5 Nxd5 5. g3 Nxc3 6. bxc3 b6 7. Bg2 Bb7 8.
O-O e6 9. d4 Be7 10. Re1 O-O 11. e4 cxd4 12. cxd4 Nc6 13. Bb2 Rc8 14. d5 Nb4
15. Qd4 f6 16. Bh3 e5 17. Be6+ Kh8 18. Qd1 Rc2 19. Ba3 Rc3 20. Bxb4 Bxb4 21.
Nh4 g6 22. Rb1 Rc4 23. Nxg6+ hxg6 24. Rxb4 Rc5 25. Qd2 Kg7 26. Rc1 Rxc1+ 27.
Qxc1 Qd6 28. Rc4 Re8 29. g4 Re7 30. Rc3 Ba6 31. Rh3 g5 32. Bf5 Kg8 33. Rc3 Qb4
34. Rc6 Kg7 35. d6 Rf7 36. d7 Qd4 37. Rc7 Bb5 38. Be6 Re7 39. Rxa7 Bxd7 40. Qc7
Qxe4 41. Bf5 Qe1+ 42. Kg2 Bc6+ 43. Qxc6 Rxa7 44. Qxb6 Qa5 45. Qxa5 Rxa5 46. Be6
Kf8 47. Kg3 Ke7 48. Bb3 Rc5 49. f3 Kd6 50. h4 gxh4+ 51. Kxh4 Rc3 52. g5 fxg5+
53. Kg4 Kc5 54. Bf7 Kd4 55. Be6 Rc6 56. Bf7 Rf6 57. Bg8 Rf4+ 58. Kg3 Ke3 59.
Bd5 Rd4 60. Bc6 Rc4 61. Bb7 Rc1 62. Kg4 Rg1+ 63. Kf5 Kd4 64. a4 g4 65. fxg4
Rf1+ 66. Kg6 e4 67. Ba6 Rc1 68. Bb5 e3 69. Kf6 Rc4 70. Bxc4 Kxc4 71. g5 e2 72.
g6 e1=Q 73. g7 Qh4+ 74. Kf7 Qf4+ 75. Ke7 Qg5+ 76. Kf7 Qf5+ 77. Ke7 Qg6 78. Kf8
Qf6+ 79. Kg8 Kb4 80. Kh7 Qf7 0-1

[Event "Stockerau-Open 2006 A-Turnier"]
[Site "Stockerau"]
[Date "2006.05.25"]
[Round "2"]
[White "Weinzettl, Ernst"]
[Black "Reinwald, Patrick"]
[Result "1-0"]
[WhiteElo "2319"]
[BlackElo "1930"]
[PlyCount "90"]
[EventDate "2006.05.25"]

1. e4 e5 2. Nf3 Nc6 3. Nc3 Nf6 4. d4 exd4 5. Nd5 Be7 6. Nxd4 O-O 7. Nf5 Nxd5 8.
exd5 Re8 9. Be2 Ne5 10. d6 Bxd6 11. Nxd6 cxd6 12. O-O b6 13. Qxd6 Bb7 14. Be3
Rc8 15. Qd1 Nc4 16. Bxc4 Rxc4 17. Qd3 Qc7 18. c3 Qc6 19. f3 d5 20. Bd4 Qe6 21.
Qd2 Rcc8 22. a4 a6 23. Qf2 b5 24. axb5 axb5 25. Ra7 Bc6 26. f4 Qf5 27. Qg3 Qg6
28. Qh3 Ra8 29. f5 Qg5 30. Rc7 Rac8 31. Rxc8 Rxc8 32. f6 Re8 33. fxg7 Qe7 34.
Qf3 b4 35. h3 bxc3 36. bxc3 Bb5 37. Rf2 Qe6 38. Kh2 Qd6+ 39. g3 Qe6 40. g4 Be2
41. Qf4 Bd3 42. Rb2 Qe1 43. Rf2 Qe6 44. h4 Be4 45. h5 Qa6 1-0

[Event "Stockerau-Open 2006 A-Turnier"]
[Site "Stockerau"]
[Date "2006.05.25"]
[Round "2"]
[White "Amberger, Dieter"]
[Black "Kirchmayr, Wilhelm"]
[Result "1/2-1/2"]
[WhiteElo "1972"]
[BlackElo "1957"]
[PlyCount "46"]
[EventDate "2006.05.25"]

1. e4 e6 2. d4 d5 3. Nc3 Bb4 4. e5 b6 5. Nf3 a5 6. Bd3 Ba6 7. O-O Bf8 8. Re1
Qd7 9. Ng5 Bxd3 10. Qxd3 h6 11. Nh3 c5 12. Ne2 Nc6 13. c3 c4 14. Qg3 b5 15. f4
Nge7 16. Qf2 h5 17. Ng5 Nf5 18. h3 h4 19. g4 hxg3 20. Nxg3 Nce7 21. Kg2 Nh4+
22. Kh2 Nhf5 23. Kg2 Nh4+ 1/2-1/2

[Event "Stockerau-Open 2006 A-Turnier"]
[Site "Stockerau"]
[Date "2006.05.25"]
[Round "2"]
[White "Lahofer, Christian"]
[Black "Seidler, Dieter"]
[Result "1-0"]
[WhiteElo "1799"]
[BlackElo "1990"]
[PlyCount "73"]
[EventDate "2006.05.25"]

1. d4 e6 2. Nf3 d5 3. c4 Nf6 4. Nc3 c6 5. e3 Bd6 6. c5 Bc7 7. Bd3 Nbd7 8. e4
dxe4 9. Nxe4 Nxe4 10. Bxe4 Ba5+ 11. Bd2 Nf6 12. Bc2 O-O 13. O-O Bxd2 14. Qxd2
g6 15. Rad1 Qd5 16. Ne5 Kg7 17. Rfe1 Qxa2 18. b3 Nd5 19. Nd3 Qa6 20. Ra1 b6 21.
Rxa6 Bxa6 22. Nb4 Bb5 23. Nxd5 cxd5 24. b4 bxc5 25. dxc5 Rab8 26. Qd4+ Kg8 27.
h4 Bc4 28. Rb1 Rfc8 29. h5 gxh5 30. Qe5 Ba2 31. Rb2 Bc4 32. Qxh5 f5 33. Qg5+
Kf7 34. Bd1 d4 35. Bh5+ Kf8 36. Qf6+ Kg8 37. Bf7+ 1-0

[Event "Stockerau-Open 2006 A-Turnier"]
[Site "Stockerau"]
[Date "2006.05.25"]
[Round "2"]
[White "Stanivukovic, Drago"]
[Black "Leupold, Christian"]
[Result "1/2-1/2"]
[WhiteElo "1960"]
[BlackElo "1838"]
[PlyCount "116"]
[EventDate "2006.05.25"]

1. e4 d5 2. exd5 Qxd5 3. Nc3 Qa5 4. d4 c6 5. Bf4 Bf5 6. g4 Bg6 7. Bg2 e6 8. h4
h5 9. f3 Nd7 10. Nge2 Ngf6 11. g5 Nd5 12. Bd2 Nxc3 13. Bxc3 Qc7 14. f4 Nb6 15.
Ba5 Qd6 16. b3 Nd5 17. Bd2 Nb4 18. Bxb4 Qxb4+ 19. c3 Qb6 20. O-O O-O-O 21. a4
c5 22. a5 Qa6 23. Ng3 Qd3 24. Qxd3 Bxd3 25. Rf3 Bc2 26. a6 b6 27. b4 cxd4 28.
cxd4 Kb8 29. Rc3 Bg6 30. Rac1 Bd6 31. Ne2 Rc8 32. b5 Rxc3 33. Rxc3 Rc8 34. Bc6
Bf5 35. Kf2 Bg4 36. Re3 Rd8 37. Bf3 Bxf3 38. Kxf3 g6 39. Ke4 Rc8 40. Rc3 Rxc3
41. Nxc3 Bb4 42. Ne2 Kc7 43. Ke5 Kd7 44. d5 exd5 45. Kxd5 Bc5 46. Nc3 Bf2 47.
Ne4 Bxh4 48. Nf6+ Kc7 49. Ke5 Kd8 50. Ne4 Be1 51. Nd6 h4 52. Nxf7+ Ke7 53. Nh6
h3 54. Ng4 Bg3 55. Kd5 h2 56. Nxh2 Bxh2 57. Kc6 Bxf4 58. Kb7 Kd7 1/2-1/2

[Event "Stockerau-Open 2006 A-Turnier"]
[Site "Stockerau"]
[Date "2006.05.25"]
[Round "2"]
[White "Robitsch, Hermann"]
[Black "Wetzenkircher, Markus"]
[Result "1/2-1/2"]
[WhiteElo "1938"]
[BlackElo "1817"]
[PlyCount "90"]
[EventDate "2006.05.25"]

1. e4 e6 2. d4 d5 3. Nc3 Nc6 4. Nf3 Bb4 5. e5 Nge7 6. a3 Ba5 7. b4 Bb6 8. a4 a5
9. b5 Nb8 10. Ba3 Bd7 11. Bd3 c6 12. O-O Qc8 13. Qd2 c5 14. Qg5 Ng6 15. Ne2 Bd8
16. Qe3 b6 17. c3 Be7 18. h4 Bf8 19. h5 Ne7 20. Nh4 Nf5 21. Nxf5 exf5 22. Nf4
Be6 23. Qf3 c4 24. Bxf8 Kxf8 25. Bc2 Qd8 26. Nh3 g6 27. g3 Nd7 28. Qf4 h6 29.
Qf3 Kg7 30. hxg6 fxg6 31. Nf4 Nf8 32. Kg2 Ra7 33. Rh1 Rd7 34. Rh2 Bf7 35. Rah1
Ne6 36. Nxe6+ Bxe6 37. Qe2 Qg5 38. f4 Qe7 39. Kf2 Rdd8 40. Ke3 h5 41. Rh4 Rdg8
42. R4h2 Rh6 43. Rh4 Rgh8 44. Bd1 Bf7 45. R4h2 Qe6 1/2-1/2

[Event "Stockerau-Open 2006 A-Turnier"]
[Site "Stockerau"]
[Date "2006.05.25"]
[Round "2"]
[White "Schindler, Gerhard"]
[Black "Rauch, Christian"]
[Result "1/2-1/2"]
[WhiteElo "1827"]
[BlackElo "1864"]
[PlyCount "135"]
[EventDate "2006.05.25"]

1. e4 c6 2. c4 d5 3. exd5 cxd5 4. cxd5 Qxd5 5. Nc3 Qa5 6. d4 Nf6 7. Bc4 e6 8.
Nf3 Ne4 9. Qc2 Bb4 10. Qxe4 Bxc3+ 11. Nd2 Bb4 12. Qe3 Qc7 13. Bd3 Nc6 14. d5
Ne5 15. dxe6 Nxd3+ 16. Qxd3 Qe5+ 17. Qe2 Qxe2+ 18. Kxe2 Bxe6 19. a3 Ba5 20. b4
Bb6 21. Bb2 O-O 22. Rhd1 Rfe8 23. Kf1 Rac8 24. Rac1 Red8 25. Rxc8 Rxc8 26. Rc1
Rd8 27. Ne4 Kf8 28. Ke2 Re8 29. Kf1 Bf5 30. f3 Bxe4 31. fxe4 Rxe4 32. Rc8+ Ke7
33. Bxg7 Rf4+ 34. Ke1 Rf2 35. Rc7+ Ke6 36. Bf8 Rxg2 37. Re7+ Kf6 38. Rxb7 Ra2
39. Bc5 Bxc5 40. bxc5 Rxa3 41. c6 Rc3 42. c7 a5 43. Ra7 a4 44. Kf2 a3 45. Rxa3
Rxc7 46. Rh3 Rc2+ 47. Kg1 Kg7 48. Rg3+ Kh8 49. Rf3 Rc7 50. Kg2 Kg7 51. Rg3+ Kf8
52. Ra3 f6 53. Kg3 Kg7 54. Ra5 Rc4 55. Kf3 Kg6 56. Kg3 f5 57. Ra3 Kg5 58. Kg2
Rc2+ 59. Kg1 h5 60. h3 f4 61. Kh1 Re2 62. Ra5+ Kh4 63. Kg1 Re3 64. Rf5 Kxh3 65.
Rxf4 Kg3 66. Rf1 h4 67. Ra1 h3 68. Rb1 1/2-1/2

[Event "Stockerau-Open 2006 A-Turnier"]
[Site "Stockerau"]
[Date "2006.05.25"]
[Round "2"]
[White "Rabl, Gerhard"]
[Black "Reichhart, Jakob"]
[Result "1-0"]
[WhiteElo "1848"]
[BlackElo "1670"]
[PlyCount "103"]
[EventDate "2006.05.25"]

1. d4 d5 2. c4 e6 3. Nc3 Nf6 4. cxd5 Nxd5 5. e4 Nf6 6. Nf3 Nc6 7. Bd3 Be7 8. h3
a6 9. Be3 O-O 10. Rc1 Nb4 11. Bb1 Bd7 12. a3 Nc6 13. Qd3 g6 14. O-O Rc8 15. Ba2
b5 16. b4 Nb8 17. e5 Ne8 18. Ne4 Bc6 19. Rfd1 Bd5 20. Bxd5 exd5 21. Nc5 c6 22.
Bf4 Nc7 23. Nb7 Qd7 24. Nd6 Bxd6 25. exd6 Ne6 26. Bg3 f6 27. Re1 Rfe8 28. h4
Ng7 29. Qd2 Nf5 30. Qf4 Re6 31. Rxe6 Qxe6 32. Re1 Qd7 33. Bh2 Rd8 34. g4 Nxd6
35. Qxd6 Qxg4+ 36. Qg3 Qxg3+ 37. Bxg3 Kf7 38. Rc1 Re8 39. Bxb8 Rxb8 40. Rxc6
Ra8 41. Rd6 a5 42. Rxd5 axb4 43. axb4 Ra3 44. Kg2 Ke6 45. Rxb5 h5 46. Rb8 Kf5
47. Kg3 g5 48. hxg5 fxg5 49. Rb5+ Kf6 50. Rxg5 Rxf3+ 51. Kxf3 Kxg5 52. b5 1-0

[Event "Stockerau-Open 2006 A-Turnier"]
[Site "Stockerau"]
[Date "2006.05.26"]
[Round "3"]
[White "Groetz, Harald"]
[Black "Hangweyrer, Manfred"]
[Result "1/2-1/2"]
[WhiteElo "2322"]
[BlackElo "2356"]
[PlyCount "22"]
[EventDate "2006.05.26"]

1. e4 d6 2. d4 Nf6 3. Nc3 e5 4. Nf3 Nbd7 5. Bc4 Be7 6. O-O O-O 7. Re1 a6 8. a4
b6 9. d5 Ne8 10. Ne2 Nc5 11. Ng3 Bd7 1/2-1/2

[Event "Stockerau-Open 2006 A-Turnier"]
[Site "Stockerau"]
[Date "2006.05.26"]
[Round "3"]
[White "Zetthofer, Gerald"]
[Black "Weinzettl, Ernst"]
[Result "1-0"]
[WhiteElo "2255"]
[BlackElo "2319"]
[PlyCount "64"]
[EventDate "2006.05.26"]

1. d4 e6 2. c4 Nf6 3. Nf3 Bb4+ 4. Bd2 a5 5. a3 Bxd2+ 6. Qxd2 b6 7. Nc3 Bb7 8.
e3 d6 9. Be2 Nbd7 10. O-O Ne4 11. Qc2 Nxc3 12. Qxc3 a4 13. c5 bxc5 14. dxc5
Nxc5 15. Qxg7 Ke7 16. Qg5+ Kd7 17. Qf4 Qe7 18. Rfd1 Rhg8 19. Rac1 Kc8 20. g3
Rb8 21. Ne1 Rg5 22. Nd3 Ne4 23. Qh4 Qf6 24. f3 Rg7 25. Qh5 Rxg3+ 26. hxg3 Nxg3
27. Rxc7+ Kxc7 28. Qa5+ Kd7 29. Ne5+ Qxe5 30. Qxe5 Nxe2+ 31. Kf2 Bd5 32. Rxd5
exd5 1-0

[Event "Stockerau-Open 2006 A-Turnier"]
[Site "Stockerau"]
[Date "2006.05.26"]
[Round "3"]
[White "Hofbauer, Peter"]
[Black "Sadilek, Maximilian"]
[Result "0-1"]
[WhiteElo "2042"]
[BlackElo "2130"]
[PlyCount "100"]
[EventDate "2006.05.26"]

1. e4 e6 2. d4 b6 3. Nf3 Bb7 4. Bd3 d6 5. O-O Nd7 6. Re1 Ne7 7. c4 g6 8. Nc3
Bg7 9. Bf4 h6 10. Qd2 g5 11. Be3 Ng6 12. h3 Nf6 13. e5 dxe5 14. dxe5 Nd7 15.
Bxg6 Bxf3 16. Bxf7+ Kxf7 17. gxf3 Nxe5 18. Qe2 Qd3 19. Rad1 Qxe2 20. Rxe2 Rad8
21. Kg2 Rxd1 22. Nxd1 Rd8 23. Nc3 Ng6 24. Nb5 Be5 25. Rd2 Nh4+ 26. Kf1 Rxd2 27.
Bxd2 Nxf3 28. Bc1 a6 29. Na7 Kg6 30. Nc6 Bd6 31. b3 Kf5 32. Bb2 h5 33. Bc3 h4
34. Kg2 Ne5 35. Nd4+ Kf6 36. f4 gxf4 37. Nf3 Kf5 38. Nxh4+ Ke4 39. Bxe5 Bxe5
40. Nf3 Bf6 41. h4 Kf5 42. h5 e5 43. h6 e4 44. Nd2 f3+ 45. Kh3 Kf4 46. Nf1 e3
47. Ng3 e2 48. h7 e1=Q 49. Nh5+ Kg5 50. Nxf6 Qh4# 0-1

[Event "Stockerau-Open 2006 A-Turnier"]
[Site "Stockerau"]
[Date "2006.05.26"]
[Round "3"]
[White "Schirmbeck, Hannes"]
[Black "Lahofer, Christian"]
[Result "1-0"]
[WhiteElo "2106"]
[BlackElo "1799"]
[PlyCount "93"]
[EventDate "2006.05.26"]

1. e4 c5 2. Nf3 d6 3. d4 cxd4 4. Nxd4 Nf6 5. Nc3 a6 6. Bg5 e6 7. f4 h6 8. Bxf6
gxf6 9. Bc4 Qc7 10. Bb3 Nc6 11. Nxc6 bxc6 12. O-O Bb7 13. f5 e5 14. Kh1 O-O-O
15. Qd3 h5 16. a4 a5 17. Bc4 h4 18. Rfd1 h3 19. g3 d5 20. exd5 Bb4 21. Ba6 Bxc3
22. Bxb7+ Qxb7 23. Qxc3 Rd6 24. Qxa5 cxd5 25. Qb5 Qxb5 26. axb5 Kb7 27. c4 d4
28. Kg1 Rc8 29. b3 e4 30. Kf2 Re8 31. Ra6 e3+ 32. Ke1 Red8 33. Rxd6 Rxd6 34.
Ke2 Kb6 35. b4 Rd7 36. Ra1 Kb7 37. Kd3 Rd8 38. Ra6 Re8 39. Ra1 Rd8 40. c5 Rd5
41. Ke4 e2 42. Kd3 Rxf5 43. Kxe2 Re5+ 44. Kd3 Re3+ 45. Kxd4 Re2 46. c6+ Kb6 47.
Rc1 1-0

[Event "Stockerau-Open 2006 A-Turnier"]
[Site "Stockerau"]
[Date "2006.05.26"]
[Round "3"]
[White "Amberger, Dieter"]
[Black "Schmid, Thomas"]
[Result "1-0"]
[WhiteElo "1972"]
[BlackElo "2121"]
[PlyCount "108"]
[EventDate "2006.05.26"]

1. e4 c5 2. Nf3 d6 3. d4 cxd4 4. Nxd4 Nf6 5. Nc3 e6 6. g4 h6 7. h4 Nc6 8. Rg1
h5 9. gxh5 Nxh5 10. Bg5 Nf6 11. Qd2 Qb6 12. Nb3 a6 13. O-O-O Qc7 14. Kb1 Bd7
15. Be2 O-O-O 16. h5 Be7 17. Rh1 Rh7 18. h6 gxh6 19. Rxh6 Rxh6 20. Bxh6 Rg8 21.
Bg5 Nd8 22. f4 Bc6 23. Qe3 Kb8 24. Nd4 Ne8 25. Bxe7 Qxe7 26. Rh1 Bd7 27. a3 Nc6
28. Nf3 Nd8 29. e5 dxe5 30. fxe5 f5 31. exf6 Qxf6 32. Ne4 Qe7 33. Qb6 Bc6 34.
Bd3 Nc7 35. Ne5 Nd5 36. Qf2 Qc7 37. Qd4 Nf4 38. Bc4 Nd5 39. Rh6 Nf7 40. Rxe6
Nxe5 41. Rxe5 Rg1+ 42. Ka2 Rd1 43. Qxd1 Qxe5 44. Nf2 Nb6 45. Qd8+ Ka7 46. Nd3
Qe3 47. Bb3 a5 48. Qd6 a4 49. Bf7 Qf3 50. Be6 Qe2 51. Nb4 Bg2 52. Bg8 Qg4 53.
Be6 Qg6 54. Qe5 Qxe6+ 1-0